000 00489nam a22001817a 4500
080 _a340.12 V 711
100 _aVilley, Michel
245 _aMètodo, Fuentes y Lenguaje Jurìdicos
260 _aBuenos Aires
_bGhersi
_c1978
300 _a192 P.
490 _aPequeña Biblioteca de Filosofìa del Derecho
650 _xfilosofìa del derecho
650 _xderecho natural
650 _xSuma Teològica
650 _xSanto Tomàs de Aquino
945 _acd
_d2015-08-21
999 _c4114
_d234618
942 _6_